|
|
|
|
| LEADER |
00717nam a2200193ra 4500 |
| 001 |
c000005635 |
| 003 |
CARM |
| 005 |
00000000000000.0 |
| 008 |
s1936 nyu 00000 eng d |
| 019 |
1 |
|
|a 58019277
|z 3832435
|5 LACONCORD2021
|
| 035 |
|
|
|a (OCoLC)2769026
|5 LACONCORD2021
|
| 100 |
1 |
|
|a Lathrop, Elise.
|
| 245 |
1 |
0 |
|a Historic houses of early America.
|
| 260 |
|
|
|a New York :
|b Tudor Publishing Co.,
|c 1936.
|
| 300 |
|
|
|a 464 p.
|
| 650 |
|
0 |
|a Architecture, Domestic
|z United States.
|
| 852 |
8 |
|
|b CARM
|h A3:AB09E0
|i D00628
|p 0038257
|f BK
|
| 999 |
f |
f |
|i 98e4f6f1-ac9a-5796-bc70-6099c57a9598
|s 1f827e26-0738-5624-8cfe-8474dbeda603
|
| 952 |
f |
f |
|p Can circulate
|a CAVAL
|b CAVAL
|c CAVAL
|d CARM 1 Store
|e D00628
|f A3:AB09E0
|h Other scheme
|i book
|m 0038257
|